[Event "Shakkikodin elokuun turnaus 2006"]
[Site "?"]
[Date "2006.??.??"]
[Round "2"]
[White "Kukkonen, Simo"]
[Black "Suuronen, Petri"]
[Result "0-1"]
[WhiteElo "1784"]
[BlackElo "1868"]
[PlyCount "90"]

1. e4 d6 2. d4 Nf6 3. Nc3 e5 4. Nf3 Nbd7 5. Bc4 Be7 6. O-O O-O 7. Bg5 c6 8. Bb3
b5 9. d5 cxd5 10. Nxd5 Bb7 11. Nxe7+ Qxe7 12. Qe2 a6 13. Nh4 g6 14. Rad1 Nc5
15. Bd5 Bxd5 16. exd5 Kg7 17. Qe3 Rfe8 18. f4 e4 (18... exf4 19. Qxe7 Rxe7 20.
Rxf4 Nce4) 19. f5 Ncd7 20. fxg6 fxg6 21. Rxf6 Nxf6 22. Rf1 Rf8 23. Bh6+ Kg8 24.
Bxf8 Rxf8 25. Qg5 e3 26. Nf5 Qe5 27. Nh6+ Kg7 28. Nf5+ Kh8 29. Qxe3 gxf5 30.
Qxe5 dxe5 31. Rxf5 Nd7 32. Rxf8+ Nxf8 33. Kf2 Kg7 34. a3 Nd7 35. Ke3 Kf6 36. b3
Nc5 37. h3 Ke7 38. g4 Kd6 39. g5 Kxd5 40. h4 Ne6 41. c4+ bxc4 42. bxc4+ Kd6 43.
Ke4 Nc5+ 44. Ke3 Ke6 45. Kd2 Kf5 0-1

[Event "Shakkikodin elokuun turnaus 2006"]
[Site "?"]
[Date "2006.??.??"]
[Round "3"]
[White "Suuronen, Petri"]
[Black "Laitinen, Martti"]
[Result "1/2-1/2"]
[WhiteElo "1868"]
[BlackElo "1839"]
[PlyCount "84"]

1. d4 Nf6 2. Nf3 g6 3. c4 Bg7 4. Nc3 O-O 5. e4 d6 6. Be2 e5 7. dxe5 dxe5 8.
Qxd8 Rxd8 9. Bg5 Re8 10. Nd5 Nxd5 11. cxd5 f6 12. Be3 Bf8 13. Nd2 c6 14. Bc4
Kg7 15. f3 b5 16. Bb3 Bb7 17. dxc6 Nxc6 18. Bd5 Na5 19. Bxb7 Nxb7 20. Rc1 Rec8
21. Ke2 a6 22. Nb1 Na5 23. b3 Nc6 24. g4 Nd4+ 25. Bxd4 exd4 26. Kd3 Bd6 27. h3
Be5 28. Rhf1 g5 29. Rfd1 Bf4 30. Nd2 Rc3+ 31. Rxc3 dxc3 32. Kxc3 Rd8 33. Kc2
Kf7 34. a3 Ke6 35. b4 Rc8+ 36. Kd3 Be5 37. Nb1 Rd8+ 38. Kc2 Rxd1 39. Kxd1 Bf4
40. Ke2 Be5 41. Kd3 Bb2 42. Kc2 Be5 1/2-1/2

[Event "Shakkikodin elokuun turnaus 2006"]
[Site "?"]
[Date "2006.??.??"]
[Round "4"]
[White "Auvinen, Esa"]
[Black "Suuronen, Petri"]
[Result "1-0"]
[WhiteElo "1877"]
[BlackElo "1868"]
[PlyCount "55"]

1. e4 c6 2. d4 d5 3. exd5 cxd5 4. c4 Nf6 5. Nc3 e6 6. Nf3 Be7 7. Bf4 O-O 8. c5
b6 9. b4 Bb7 10. Bd3 Nc6 11. a3 h6 12. b5 Na5 13. c6 Bc8 14. O-O Bd6 15. Bxd6
Qxd6 16. Ne5 Ne8 17. Bc2 f5 18. Ne2 Nc7 19. Qd3 a6 20. a4 axb5 21. axb5 Nxb5
22. Qxb5 Ba6 23. Qxb6 Rfb8 24. Qxa5 Bxe2 25. Qxa8 Rxa8 26. Rxa8+ Kh7 27. Rb1
Qe7 28. Rbb8 1-0

[Event "Shakkikodin elokuun turnaus 2006"]
[Site "?"]
[Date "2006.??.??"]
[Round "5"]
[White "Rautanen, Sari"]
[Black "Suuronen, Petri"]
[Result "1/2-1/2"]
[WhiteElo "1927"]
[BlackElo "1868"]
[PlyCount "27"]

1. d4 b5 2. e4 a6 3. Nf3 Bb7 4. Bd3 d6 5. a4 c6 6. O-O e6 7. Bf4 Ne7 8. Nbd2
Ng6 9. Bg3 Be7 10. Qe2 b4 11. a5 O-O 12. Nc4 d5 13. exd5 cxd5 14. Nb6 1/2-1/2

[Event "Shakkikodin elokuun turnaus 2006"]
[Site "?"]
[Date "2006.??.??"]
[Round "7"]
[White "Kortesharju, Jaakko"]
[Black "Kukkonen, Simo"]
[Result "1-0"]
[WhiteElo "1827"]
[BlackElo "1784"]
[PlyCount "83"]

1. d4 Nf6 2. c4 g6 3. Nc3 Bg7 4. e4 d6 5. Nf3 O-O 6. Be2 e5 7. O-O Nc6 8. d5
Ne7 9. Nd2 h6 10. b4 b6 11. Nb3 a5 12. bxa5 bxa5 13. a4 c5 14. f3 Bd7 15. Bd2
Nh5 16. Nb5 Bxb5 17. axb5 a4 18. Nc1 Nf4 19. Rxa4 Rxa4 20. Qxa4 Nc8 21. g3 Qg5
22. Kf2 Nh3+ 23. Ke1 Qe7 24. Qa6 f5 25. b6 Nxb6 26. Qxb6 Ra8 27. Kd1 f4 28. Nb3
Ra2 29. Nc1 Ra7 30. Kc2 Ng5 31. Nb3 Rb7 32. Qc6 Rc7 33. Qa8+ Kh7 34. Ra1 Nh3
35. Ra6 Ng1 36. Bd1 g5 37. g4 Qd7 38. Rc6 Ra7 39. Qb8 Ra4 40. Kc3 Rb4 41. Qxd6
Qb7 42. Nxc5 1-0